000 00602cam a22002291 4500
001 sa 67000063
003 DLC
005 20260227112311.0
008 890619s1964 ii b 000 0 hino
010 _asa 67000063
035 _a(OCoLC)19891856
040 _aDLC
_cWaU
_dNRU
_dDLC
042 _apremarc
050 0 0 _aPK2033
_b.D4
100 1 _aDevaṛā, Śarada,
_d1934-
245 1 0 _aEka ālocaka kī noṭabuka.
260 _aKalakattā,
_bAparā Prakāśana
_c[1964]
300 _a128 p.
_c23 cm.
500 _aIn Hindi.
504 _aIncludes bibliographies.
650 0 _aHindi literature.
999 _c71730
_d71730